Использование корреляции при определении химического состава спектральными методами: отдельный оттиск

Bibliografske podrobnosti
Glavni avtor: Гринзайд Е. Л.
Drugi avtorji: Надежина Л. С.
Jezik:ruščina
Izdano: Минск, Наука и техника, 1972
Serija:Журнал прикладной спектроскопии Т. 17, вып. 4
Teme:
Format: Knjiga
KOHA link:https://koha.lib.tpu.ru/cgi-bin/koha/opac-detail.pl?biblionumber=335106

MARC

LEADER 00000nam0a2200000 4500
001 335106
005 20231102004724.0
035 |a (RuTPU)RU\TPU\book\361437 
090 |a 335106 
100 |a 20170914d1972 k y0rusy50 ca 
101 0 |a rus 
102 |a BY 
105 |a y z 001zy 
200 1 |a Использование корреляции при определении химического состава спектральными методами  |e отдельный оттиск  |f Е. Л. Гринзайд, Л. С. Надежина 
210 |a Минск  |c Наука и техника  |d 1972 
215 |a 6 с. 
225 1 |a Журнал прикладной спектроскопии  |v Т. 17, вып. 4 
320 |a Библиогр. в конце ст. 
606 1 |a Спектральный анализ  |2 stltpush  |3 (RuTPU)RU\TPU\subj\67783  |9 83449 
610 1 |a аналитическая химия 
610 1 |a спектральные методы 
610 1 |a химический состав 
610 1 |a корреляции 
610 1 |a оттиски 
610 1 |a библиотека А. Г. Стромберга 
675 |a 543.42  |v 4 
700 1 |a Гринзайд  |b Е. Л. 
701 1 |a Надежина  |b Л. С. 
801 1 |a RU  |b 63413507  |c 20170914 
801 2 |a RU  |b 63413507  |c 20171215  |g RCR 
942 |c BK